000 00665cam a2200205ua 4500
001 6795
008 140311n ii |||gr||||Z||||||eng
020 _a0-07-060501-7
040 _cMAIN
082 _a519.5
245 _aTheory and problems of Introduction to probability and statistics
_cBy Seymour Lipschutz
250 _a3rd rep.
260 _aNew delhi:
_bTata McGraw-hill publishing company limited,
_c2005.
300 _ax,367p.
653 _aProbabilities & applied mathematics
653 _aTheory and problems of Introduction to probability and statistics
700 _aLipschutz,Seymour,
_eAuthor.,
700 _aSchiller,John,
_eAuthor.
942 _cBK
999 _c5943
_d5943